Statistics for Many Countries Out Of One

Click here to take the quiz!

General Stats

  • This quiz has been taken 36 times
  • The average score is 3 of 5

Answer Stats

TRINIDAD AND TOBAGO% Correct
INDIA
78%
TOGO
78%
GABON
59%
TONGA
53%
IRAN
47%

Score Distribution

Percentile by Number Answered

Percent of People with Each Score

Your Score History

You have not taken this quiz